Status report on China's economic reforms : trade development.
| Format: | Book |
|---|---|
| Published: |
Hong Kong:
HKTDC,
1992.
|
| Subjects: |
| LEADER | 00443cam a2200157 7i4500 | ||
|---|---|---|---|
| 001 | 0000002506 | ||
| 005 | 19991025090000.0 | ||
| 002 | ##000003699 | ||
| 020 | 0 | 0 | |a T000003707 |
| 090 | 0 | 0 | |a CHIn 380.9 |b STA |
| 245 | 0 | 0 | |a Status report on China's economic reforms : |b trade development. |
| 260 | 0 | 0 | |a Hong Kong: |b HKTDC, |c 1992. |
| 300 | 0 | 0 | |a 55p. |
| 650 | 0 | 0 | |a Economics -- |z China |
| 651 | 0 | 0 | |a China |
| 999 | |a 0000004226 |b Book |c Countries |e Business Information Centre | ||